Tongue-twisters by Synonyms - Statistics

General Stats
  • This quiz has been taken 95 times
  • The average score is 2 of 10
Answer Stats
Hint Answer % Correct
A female merchandises conches on the coast. She sells seashells by the seashore.
93%
I cry, thou cry, we all cry for frozen yogurt! I scream, you scream, we all scream for ice cream!
57%
Little Elizabeth purchased some fat. Betty bought a bit of butter.
26%
Scarlet truck, sallow truck. Red lorry, yellow lorry.
26%
I sighed a young feline feeding on fowl in the cooking room. I saw a kitten eating chicken in the kitchen
8%
Little Susan's female sibling stitched short stockings for fighters. Susie’s sister sewed socks for soldiers.
8%
Are you able to preserve a tin the way a preserver is able to preserve a tin? Can you can a can as a canner can can a can?
6%
What timekeepers are central European timekeepers? Which wristwatches are Swiss wristwatches?
1%
I cannot stand to watch a grizzly make a pounce on a bunny. I cannot bear to see a bear bear down upon a hare.
0%
Little William's very tired. Willie’s really weary.
0%
No matching quizzes found
Score Distribution
Percent of People with Each Score
Percentile by Number Answered
Your Score History
You have not taken this quiz